000 00573nam a2200241 a 4500
001 nice12345678
003 IN_TiNIC
005 20260116012537.0
008 050524s1904 kana grp 000 0 urd
020 _a
_c100
082 0 0 _a891.41
_bAMI
100 _aAmir,
245 _aMiratul Ghaib (diwan-E-Amir)
260 _aKanpur
_bNawal Kishore Press
_c1904
300 _a348p
500 _aincludes index and biblioraphy
505 2 _aBibliography, Index
650 _aUrdu-Poetry-amir
700 1 _aAmir,
902 _bSRS
942 _cBK
999 _c7414
_d7414